• 首页
  • 本馆介绍
  • 公告通知
  • 最新文献
  • 馆藏检索
  • 电子资源
  • 读者荐购
  • 参考咨询
  • CALIS
  • 我的图书馆
  • 登录
  • 详细信息显示
  • 放入我的书架
  • 预约/预借图书
  • 作者相关作品
  • 分类相关作品
  • 丛书相关作品
  • 出版社相关作品

书目信息

  • 表格格式
  • 工作单格式
  • 卡片格式
题名:
突围
    
 
作者: 蔺雷 , 吴易 著
分册:  
出版信息: 北京   人民邮电出版社  2025.03
页数: 241页
开本: 23cm
丛书名:
单 册:
中图分类: F272.3
科图分类:
主题词: 企业经营管理--研究
电子资源:
ISBN: 978-7-115-65961-3
 
 
 
 
 
000 01510nam0 2200301 450
001 01065942
005 20251022172842.46
010    @a978-7-115-65961-3@dCNY69.80
100    @a20250418d2025 em y0chiy0120 ea
101 0  @achi
102    @aCN@b110000
105    @ay az 000yy
106    @ar
200 1  @a突围@9tu wei@e穿越低谷,韧性增长@dBreakout@eresilient growth in hard times@f蔺雷,吴易著@zeng
210    @a北京@c人民邮电出版社@d2025.03
215    @a241页@d23cm
314    @a蔺雷,清华大学经济管理学院博士,清华大学、加州大学伯克利分校双博士后,管理类长销书作家,中国内创业理念倡导者和推动者,企业家逆境成长理论提出者。著作《服务创新》《反败资本》等。
314    @a吴易,管理学博士,20多年政产学研经历,长期从事科技创新战略规划与政策研究,作为主要执笔人先后参与“十二五”“十三五”“十四五”国家科技规划研究编制,参与起草《国家创新驱动发展战略纲要》《新一代人工智能发展规划》,出版了10余部创新创业和企业管理方面的作品。
320    @a有书目(第240-241页)
330    @a本书围绕“创新驱动突围”“锻造竞争力突围”“稳健经营突围”“双重动力突围”,从战略、财务、人才及供应链等多个维度,剖析了企业如何构建坚不可摧的韧性组织,在逆境中实现突围,在变革中挖潜提效从而穿越低谷、持续成长。
510 1  @aBreakout@eresilient growth in hard times@zeng
517 1  @a穿越低谷,韧性增长@9chuan yue di gu,ren xing zeng zhang
606 0  @a企业经营管理@x研究
690    @aF272.3@v5
701  0 @a蔺雷@9lin lei@4著
701  0 @a吴易@9Wu Yi@4著
801  0 @aCN@c20250909
905    @a河南城建学院图书馆@dF272.3@eL555@ZL555@f1
    
    突围:穿越低谷,韧性增长=Breakout:resilient growth in hard times/蔺雷,吴易著.-北京:人民邮电出版社,2025.03
    241页;23cm
    
    
    ISBN 978-7-115-65961-3:CNY69.80
    本书围绕“创新驱动突围”“锻造竞争力突围”“稳健经营突围”“双重动力突围”,从战略、财务、人才及供应链等多个维度,剖析了企业如何构建坚不可摧的韧性组织,在逆境中实现突围,在变革中挖潜提效从而穿越低谷、持续成长。
●
相关链接 在E读中查询图书 在当当中查询图书 在豆瓣中查询图书


正题名:突围     索取号:F272.3/L555         预约/预借

序号 登录号 条形码 馆藏地/架位号 状态 备注
1 1633211   216332118   社科库409/409社科库 87排4列5层/ [索取号:F272.3/L555] 在馆    
河南城建学院图书馆 欢迎您!
大连网信软件有限公司© 版权所有